Psychology XII (Record no. 11160)

MARC details
000 -LEADER
fixed length control field 00291nam a22000977a 4500
008 - FIXED-LENGTH DATA ELEMENTS--GENERAL INFORMATION
fixed length control field 180927b ||||| |||| 00| 0 eng d
020 ## - INTERNATIONAL STANDARD BOOK NUMBER
International Standard Book Number 9789351550259
100 ## - MAIN ENTRY--PERSONAL NAME
Personal name Bhatnagar A. K
9 (RLIN) 6922
245 ## - TITLE STATEMENT
Title Psychology XII
Remainder of title with case studies & practicals
260 ## - PUBLICATION, DISTRIBUTION, ETC. (IMPRINT)
Place of publication, distribution, etc. New Delhi
Name of publisher, distributor, etc. Full Marks. Pvt Ltd
Date of publication, distribution, etc. 2018
Holdings
Withdrawn status Lost status Source of classification or shelving scheme Damaged status Koha normalized classification for sorting Not for loan Home library Current library Shelving location Date acquired Total Checkouts Total Renewals Full call number Barcode Date last seen Date last checked out Price effective from Koha item type
    Dewey Decimal Classification   BHA_150_000000000000000   Good Samaritan School Library Good Samaritan School Library PSYCHOLOGY 09/27/2018 4 2 BHA150 BHA15162 12/28/2024 07/27/2024 09/27/2018 BOOK

Powered by Koha